000 00222nam a2200097Ia 4500
008 170619s9999 xx 000 0 und d
100 _aSingh V P
245 0 _aMechanical Vibrations
260 _bDhanpat Rai Pub.
260 _c2004
546 _aENGLISH
999 _c16971
_d16971